00342nam a2200109Ia 450000100070000000500170000700800410002424500500006526000100011599900190012595200880014465523520250826154533.0250824s9999 xx 000 0 und d 0aRuby Rogers Bu Hiç Adil DeğilcSue Limb bALTIN c655235d655235 00104070a1010b1010d2025-08-24l0p1010103r2025-08-26 15:45:33w2025-08-26yBK